000 00915nam a2200325Ia 4500
001 23018
003 IT-RoPAU
008 130308s9999 xx 000 0 und d
040 _aIT-RoPAU
040 _cIT-RoPAU
041 _aINGLESE
100 _aAdorno Theodor Wiesengrund
100 _gCodice Aut. SPICS: 10076
245 _aCulture Industry (The): Enlightenment as Mass deception
245 _bMass Communication And Society
250 _a4a ed.
260 _aLONDON
260 _bArnold Edward
260 _c1983 [1° Ed.:1977 - Ed.Ling.Originale:1977]
300 _a"35 p. (prefazione: no ; testo: 35 [pagine: 349-383])"
500 _aIndustria della Cultura
650 _aSOCIOLOGIA DELLA COMUNICAZIONE SOCIALE
650 _eCodice materia Spics: 3806
700 _aHorkheimer Max
700 _gCodice Aut. SPICS: 5411
942 _cBK
957 _71
999 _c44258
_d44258
999 _bSI
999 _g1